000 01766nam a2200241Ia 4500
008 260220t1992||||xx |||||||||||||| ||spa||
040 _aPY-SlUNAC
_bspa
_erda
041 _aspa
082 _a512.5
_bG313a
100 _aGerber, Harvey
_eAutor
245 0 _aAlgebra lineal /
_cpor Harvey Gerber [Autor]
264 _aCiudad de México :
_bIberoamericana,
_c℗1992.
300 _a1 volumen
520 _aEl libro "Álgebra Lineal" de Harvey Gerber es una obra fundamental que aborda los conceptos y técnicas esenciales del álgebra lineal, ofreciendo una base sólida para estudiantes y profesionales en matemáticas y disciplinas relacionadas. A través de una exposición clara y estructurada, el autor introduce temas como vectores, matrices, determinantes, espacios vectoriales y transformaciones lineales. Gerber enfatiza la importancia de la comprensión conceptual, complementando las explicaciones teóricas con ejemplos prácticos y problemas resueltos que fomentan la aplicación de los principios aprendidos. Además, el texto incluye ejercicios al final de cada capítulo que permiten al lector consolidar su aprendizaje. La obra, publicada por Iberoamericana en 1992, ha sido utilizada en diversas instituciones educativas en Ciudad de México y más allá, destacándose por su enfoque accesible y didáctico, lo que facilita la comprensión de un tema que es fundamental en el estudio de las matemáticas y sus aplicaciones en diversas áreas, incluyendo la ingeniería y la economía.
653 _aÁlgebra
653 _aGeometría analítica
653 _aMatemáticas
942 _b2026/02/17
_cBK
999 _c7476
_d7476